| 000 | 00881nam a22002537a 4500 | ||
|---|---|---|---|
| 999 |
_c12817 _d12817 |
||
| 003 | MIRAKIL | ||
| 005 | 20190226164447.0 | ||
| 008 | 190226b tu ||||| |||| 00| 0 tur d | ||
| 040 |
_aTR-AnCHP _cTR-AnCHP |
||
| 041 | _aeng | ||
| 082 |
_a322.42092 _bG68b 1990 |
||
| 100 | _aGowers, Andrew | ||
| 245 | 1 | 0 |
_aBehind the myth : _bYasser Arafat and the Palestinian revolution/ _cAndrew Gowers , Tony Walker. |
| 246 | _aYasser Arafat and the Palestinian revolution | ||
| 260 |
_aLondra: _bW.H. Allen, _c1990. |
||
| 300 |
_axxv, 356 s.: _bhrt.; fotğ., _c24 sm. |
||
| 504 | _aKaynakça ve dizin vardır. | ||
| 600 | 0 |
_95261 _aArafat, Yaser _cFilistin Kurtuluş Örgütü Lideri _d1929-2004 |
|
| 650 | 0 |
_95263 _aFilistin devrimi |
|
| 650 | 0 |
_95264 _aPalestinian revolution |
|
| 700 |
_95265 _aWalker, Tony |
||
| 740 | _aYasser Arafat and the Palestinian revolution | ||
| 942 |
_2ddc _cBKS |
||